[Event "Aaronson Masters 1st"]
[Site "London"]
[Date "1978.03.26"]
[Round "6"]
[White "Knott, Simon John Bradley"]
[Black "Harding, Timothy David"]
[Result "1-0"]
[WhiteElo "2205"]
[BlackElo "2230"]
[Annotator "Harding,T"]
[PlyCount "67"]
[EventDate "1978.03.23"]
[EventType "swiss"]
[EventRounds "10"]
[EventCountry "ENG"]
[SourceTitle "Tim Harding"]
[Source "Tim Harding"]
[SourceDate "2023.12.23"]
[SourceVersion "1"]
[SourceVersionDate "2023.12.23"]
[SourceQuality "1"]

1. c4 c5 2. Nf3 Nf6 3. Nc3 d5 4. cxd5 Nxd5 5. g3 g6 6. Bg2 Bg7 7. O-O Nc6 8.
Nxd5 Qxd5 9. d3 O-O 10. Be3 Qd6 11. Rc1 Nd4 12. Nd2 Bf5 13. Bxb7 Rab8 14. Nc4
Qe6 15. Bg2 Rfd8 16. Re1 Bh3 17. Qa4 Bxg2 18. Kxg2 Rd5 19. Qxa7 Rf8 20. Nd2 Rh5
21. Nf1 Nc6 22. Qa6 Qh3+ 23. Kg1 Nb4 24. Qb7 Nd5 25. Bxc5 Bh6 26. Rc4 Rd8 27.
a4 e5 28. a5 Bd2 29. Ra1 Nf4 30. gxf4 Bxf4 31. Qg2 Rg5 32. Ng3 Qe6 33. a6 Qc8
34. a7 {... and White won. Source: Tim Harding} 1-0

[Event "Aaronson Masters 1st"]
[Site "London"]
[Date "1978.03.26"]
[Round "6"]
[White "Kinlay, Jonathan"]
[Black "Baker, Chris W"]
[Result "1-0"]
[WhiteElo "2300"]
[BlackElo "2280"]
[PlyCount "57"]
[EventDate "1978.03.23"]
[EventType "swiss"]
[EventRounds "10"]
[EventCountry "ENG"]
[SourceTitle "BritBase"]
[Source "John Saunders"]
[SourceDate "2023.12.16"]
[SourceVersion "1"]
[SourceVersionDate "2023.12.16"]
[SourceQuality "1"]

1. e4 c5 2. Nf3 Nc6 3. Bb5 Nf6 4. e5 Nd5 5. O-O d6 6. Re1 Bd7 7. exd6 e6 8. Nc3
Nf6 9. d4 cxd4 10. Nxd4 Qb6 11. Be3 Nxd4 12. Bxd4 Qxd6 13. Bxf6 gxf6 14. Qh5
Bxb5 15. Nxb5 Qb6 16. Rxe6+ Qxe6 17. Nc7+ Ke7 18. Nxe6 fxe6 19. Rd1 Rc8 20. Qa5
Rxc2 21. Qb4+ Kf7 22. Qxb7+ Be7 23. g3 a5 24. Rd7 Re8 25. Kg2 f5 26. a3 Kf6 27.
Rc7 Bc5 28. Rf7+ Kg6 29. Rg7+ 1-0

[Event "Aaronson Masters 1st"]
[Site "London"]
[Date "1978.03.26"]
[Round "6"]
[White "Ligterink, Gert"]
[Black "Bennett, Terry B"]
[Result "1/2-1/2"]
[WhiteElo "2440"]
[BlackElo "2270"]
[PlyCount "56"]
[EventDate "1978.03.23"]
[EventType "swiss"]
[EventRounds "10"]
[EventCountry "ENG"]
[SourceTitle "BritBase"]
[Source "John Saunders"]
[SourceDate "2023.12.16"]
[SourceVersion "1"]
[SourceVersionDate "2023.12.16"]
[SourceQuality "1"]

1. e4 e6 2. d4 d5 3. Nd2 c5 4. Ngf3 Nc6 5. exd5 exd5 6. Bb5 Bd6 7. dxc5 Bxc5 8.
O-O Nge7 9. Nb3 Bd6 10. Bg5 O-O 11. Re1 Bg4 12. h3 Bh5 13. Be2 h6 14. Bxe7 Bxe7
15. Nfd4 Bxe2 16. Rxe2 Bf6 17. c3 Qb6 18. Nf5 Rad8 19. Rd2 Rfe8 20. Rxd5 Rxd5
21. Qxd5 Re2 22. Qf3 Rxb2 23. Nxh6+ Kf8 24. Ng4 Ne5 25. Nxe5 Bxe5 26. g3 g6 27.
h4 Rc2 28. Nd4 Bxd4 1/2-1/2

[Event "Aaronson Masters 1st"]
[Site "London"]
[Date "1978.03.26"]
[Round "6"]
[White "Littlewood, Paul E"]
[Black "Haik, Aldo"]
[Result "0-1"]
[WhiteElo "2345"]
[BlackElo "2425"]
[PlyCount "56"]
[EventDate "1978.03.23"]
[EventType "swiss"]
[EventRounds "10"]
[EventCountry "ENG"]
[SourceTitle "BritBase"]
[Source "John Saunders"]
[SourceDate "2023.12.16"]
[SourceVersion "1"]
[SourceVersionDate "2023.12.16"]
[SourceQuality "1"]

1. e4 e5 2. Nf3 Nc6 3. Nc3 g6 4. d4 exd4 5. Nd5 Bg7 6. Bg5 Nce7 7. Nxd4 h6 8.
Bh4 c6 9. Nxe7 Nxe7 10. Qd2 d5 11. O-O-O g5 12. Bg3 dxe4 13. Qe3 Qb6 14. Bd6 f5
15. Bxe7 Kxe7 16. Qa3+ Kf7 17. Bc4+ Kg6 18. Qe7 Rf8 19. Nb3 Qxf2 20. g3 b5 21.
Rd6+ Kh7 22. Bf7 a5 23. Nd4 f4 24. h4 gxh4 25. gxh4 Kh8 26. Rd1 Bg4 27. Ne6
Bxd1 28. Nxg7 Qxc2# 0-1

[Event "Aaronson Masters 1st"]
[Site "London"]
[Date "1978.03.26"]
[Round "6"]
[White "Mestel, A Jonathan"]
[Black "Botterill, George Steven"]
[Result "1/2-1/2"]
[WhiteElo "2450"]
[BlackElo "2400"]
[PlyCount "54"]
[EventDate "1978.03.23"]
[EventType "swiss"]
[EventRounds "10"]
[EventCountry "ENG"]
[SourceTitle "BritBase"]
[Source "John Saunders"]
[SourceDate "2023.12.16"]
[SourceVersion "1"]
[SourceVersionDate "2023.12.16"]
[SourceQuality "1"]

1. e4 e6 2. d4 d5 3. e5 c5 4. c3 Nc6 5. Nf3 Qb6 6. a3 c4 7. g3 f6 8. exf6 Nxf6
9. Bg2 Bd6 10. O-O O-O 11. Qe2 Kh8 12. Ne5 Bxe5 13. dxe5 Nd7 14. Be3 Qc7 15. f4
Na5 16. Nd2 Nc5 17. Bxc5 Qxc5+ 18. Qf2 Qxf2+ 19. Kxf2 Bd7 20. Ke3 Rae8 21. Nf3
Nb3 22. Rab1 Re7 23. Nd4 Nc5 24. Kd2 Be8 25. f5 exf5 26. Bxd5 Rxe5 27. Bxc4 Bf7
1/2-1/2

[Event "Aaronson Masters 1st"]
[Site "London"]
[Date "1978.03.26"]
[Round "6"]
[White "Goichberg, William"]
[Black "Raindle, Ian M"]
[Result "1-0"]
[WhiteElo "2525"]
[BlackElo "2050"]
[PlyCount "47"]
[EventDate "1978.03.23"]
[EventType "swiss"]
[EventRounds "10"]
[EventCountry "ENG"]
[SourceTitle "BritBase"]
[Source "John Saunders"]
[SourceDate "2023.12.16"]
[SourceVersion "1"]
[SourceVersionDate "2023.12.16"]
[SourceQuality "1"]

1. e4 c5 2. Nf3 d6 3. d4 cxd4 4. Nxd4 Nf6 5. Nc3 g6 6. Bc4 Bg7 7. O-O O-O 8. h3
a6 9. Bb3 Nc6 10. Be3 Bd7 11. f4 e6 12. Nf3 Qc7 13. Qd2 Na5 14. Rad1 Bc6 15.
Bd4 Nxb3 16. axb3 Rfe8 17. Qe3 b5 18. e5 Nd5 19. Nxd5 Bxd5 20. exd6 Qxc2 21.
Bxg7 Kxg7 22. f5 f6 23. Rc1 exf5 24. Qxe8 1-0

[Event "Aaronson Masters 1st"]
[Site "London"]
[Date "1978.03.27"]
[Round "7"]
[White "Hartston, William Roland"]
[Black "Bennett, Terry B"]
[Result "1/2-1/2"]
[WhiteElo "2475"]
[BlackElo "2270"]
[PlyCount "190"]
[EventDate "1978.03.23"]
[EventType "swiss"]
[EventRounds "10"]
[EventCountry "ENG"]
[SourceTitle "BritBase"]
[Source "John Saunders"]
[SourceDate "2023.12.16"]
[SourceVersion "1"]
[SourceVersionDate "2023.12.16"]
[SourceQuality "1"]

1. d4 e6 2. Nf3 d5 3. c4 c5 4. cxd5 exd5 5. g3 Nc6 6. Bg2 Nf6 7. O-O Be7 8. Be3
c4 9. b3 cxb3 10. axb3 O-O 11. Ne5 Nb4 12. Nc3 Bf5 13. Rc1 Rc8 14. Qd2 h6 15.
h3 Ne4 16. Nxe4 Rxc1 17. Rxc1 dxe4 18. d5 Qxd5 19. Qxd5 Nxd5 20. Bxa7 Ra8 21.
Bd4 Ra3 22. g4 Nf4 23. Bf1 Be6 24. e3 Nd3 25. Nxd3 exd3 26. Bxd3 Rxb3 27. Bc2
Rb4 28. Ra1 Rc4 29. Be4 Bf6 30. Ra8+ Rc8 31. Bxb7 Rxa8 32. Bxa8 Be7 33. f4 h5
34. f5 Bd7 35. Bd5 hxg4 36. hxg4 Kf8 37. Kg2 f6 38. Kf3 Bd6 39. e4 Ba3 40. g5
Be7 41. g6 Bb5 42. Ke3 Bd6 43. Bb6 Ba4 44. Kd4 Ke7 45. Kc4 Bd7 46. Bb7 Ba4 47.
Be3 Bc2 48. Bc6 Ba3 49. Bd4 Bd6 50. Kc3 Bd1 51. Be3 Be2 52. Kd4 Bd1 53. Bb5 Bc2
54. Kd5 Ba3 55. Bc4 Bb4 56. Bd4 Ba3 57. Bc3 Bb1 58. Ba5 Bc2 59. Bc7 Bb4 60. Kd4
Bb1 61. Bd5 Ba3 62. Bf4 Bc2 63. Kc4 Ba4 64. Kc3 Bc5 65. e5 Bd7 66. e6 Bb5 67.
Be4 Bd6 68. Be3 Be8 69. Kc4 Ba4 70. Kd5 Ba3 71. Bd2 Bb5 72. Bc2 Be8 73. Be3 Bb5
74. Bb6 Bb4 75. Bd4 Ba3 76. Bc3 Be8 77. Bd2 Bb5 78. Be4 Ba4 79. Kc4 Bd6 80. Be1
Ba3 81. Kd5 Kf8 82. Ba5 Ke7 83. Bd3 Be8 84. Bc7 Ba4 85. Bf4 Be8 86. Bc2 Bb5 87.
Be3 Bb4 88. Bc1 Kf8 89. Kd4 Ke7 90. Bd3 Ba4 91. Kc4 Bd6 92. Be4 Be8 93. Bd2 Ba4
94. Kc3 Bc5 95. Bc2 Bb5 1/2-1/2

[Event "Aaronson Masters 1st"]
[Site "London"]
[Date "1978.03.27"]
[Round "7"]
[White "Ornstein, Axel"]
[Black "Garbett, Paul Anthony"]
[Result "1/2-1/2"]
[WhiteElo "2425"]
[BlackElo "2310"]
[PlyCount "184"]
[EventDate "1978.03.23"]
[EventType "swiss"]
[EventRounds "10"]
[EventCountry "ENG"]
[SourceTitle "BritBase"]
[Source "John Saunders"]
[SourceDate "2023.12.16"]
[SourceVersion "1"]
[SourceVersionDate "2023.12.16"]
[SourceQuality "1"]

1. d4 Nf6 2. c4 g6 3. g3 c6 4. Nf3 d5 5. b3 Ne4 6. Bg2 Qa5+ 7. Nfd2 Bg7 8. Bb2
Be6 9. O-O Nxd2 10. Nxd2 O-O 11. e3 Nd7 12. Qe2 b5 13. Rfc1 bxc4 14. bxc4 Rab8
15. Bc3 Qa4 16. cxd5 cxd5 17. Nb3 Rfc8 18. Bf1 Rc6 19. Be1 Rbc8 20. Rxc6 Rxc6
21. Qb5 Qxb5 22. Bxb5 Rc2 23. Bd3 Rc8 24. Bb4 Bf6 25. Kf1 Bf5 26. Bxf5 gxf5 27.
Ke2 Rc2+ 28. Bd2 e6 29. Kd3 Rc4 30. Na5 Ra4 31. Kc2 Bd8 32. Kb3 Rxa5 33. Bxa5
Bxa5 34. Ka4 Bd2 35. Rd1 Bc3 36. Kb5 a5 37. a3 Nf6 38. f3 a4 39. Kxa4 Ne8 40.
Kb3 Ba5 41. Kc2 Nd6 42. Kd3 Nc4 43. Ra1 Nb2+ 44. Ke2 Nc4 45. Ra2 f6 46. Kd3 Kf7
47. e4 fxe4+ 48. fxe4 Be1 49. a4 Ba5 50. Rf2 Be1 51. Rf1 Ba5 52. Rb1 Nd6 53.
exd5 exd5 54. Rb8 h6 55. g4 Nc4 56. Rb7+ Ke6 57. Rh7 Bd2 58. h4 Bf4 59. Rb7 Bg3
60. h5 Bf4 61. Ra7 Bd2 62. Rc7 Bb4 63. Rh7 Bd2 64. a5 Bxa5 65. Rxh6 Bd2 66. Rh8
f5 67. h6 Kf7 68. gxf5 Bg5 69. h7 Bf6 70. Rb8 Nd6 71. Rb6 Ke7 72. Ra6 Bg7 73.
Ra5 Nf7 74. Rxd5 Ng5 75. Ra5 Nxh7 76. d5 Ng5 77. Ra6 Be5 78. Kc4 Nf7 79. Re6+
Kd7 80. Kd3 Bd6 81. Ke3 Kd8 82. Rg6 Bh2 83. f6 Nd6 84. Rg8+ Kd7 85. Rg7+ Kd8
86. Rg8+ Kd7 87. Ra8 Bg1+ 88. Kf4 Bd4 89. Rf8 Bc3 90. Ke3 Bb2 91. Ke2 Bc3 92.
Kd3 Be5 1/2-1/2

[Event "Aaronson Masters 1st"]
[Site "London"]
[Date "1978.03.27"]
[Round "7"]
[White "Littlewood, Paul E"]
[Black "Silman, Jeremy D"]
[Result "0-1"]
[WhiteElo "2345"]
[BlackElo "2360"]
[PlyCount "106"]
[EventDate "1978.03.23"]
[EventType "swiss"]
[EventRounds "10"]
[EventCountry "ENG"]
[SourceTitle "BritBase"]
[Source "John Saunders"]
[SourceDate "2023.12.16"]
[SourceVersion "1"]
[SourceVersionDate "2023.12.16"]
[SourceQuality "1"]

1. e4 c5 2. Nf3 Nc6 3. Bb5 Nf6 4. e5 Nd5 5. O-O Nc7 6. Bxc6 dxc6 7. h3 g6 8. d3
Bg7 9. a4 a5 10. b3 O-O 11. Bb2 Ne6 12. Re1 Nd4 13. Nbd2 b6 14. Ne4 Be6 15. c4
Qc7 16. Bxd4 cxd4 17. Ng3 c5 18. Qe2 Bc8 19. Nh2 Bb7 20. Ra2 Bc6 21. h4 h5 22.
f4 Bh6 23. Rf1 f6 24. Kh1 e6 25. exf6 Bxf4 26. Qxe6+ Kh8 27. f7 Kg7 28. Ne2
Rxf7 29. Nxf4 Rxf4 30. Rxf4 Qxf4 31. Qxc6 Qc1+ 32. Nf1 Qxf1+ 33. Kh2 Rf8 34.
Qe4 Qf4+ 35. Qxf4 Rxf4 36. Re2 Rxh4+ 37. Kg3 Rg4+ 38. Kf3 Kf7 39. Re5 Rh4 40.
Rd5 Ke7 41. Rg5 Kf7 42. Rd5 Rh1 43. Rd7+ Ke6 44. Rb7 Re1 45. Rxb6+ Kf5 46. Rb5
Re3+ 47. Kf2 Rxd3 48. Rxa5 Ke4 49. Rxc5 Rd2+ 50. Kg3 Rb2 51. Rg5 d3 52. Rxg6 d2
53. Rd6 Rxb3+ {Source: Paul Littlewood} 0-1

[Event "Aaronson Masters 1st"]
[Site "London"]
[Date "1978.03.27"]
[Round "7"]
[White "Short, Nigel D"]
[Black "Povah, Nigel Edward"]
[Result "0-1"]
[WhiteElo "2225"]
[BlackElo "2350"]
[PlyCount "84"]
[EventDate "1978.03.23"]
[EventType "swiss"]
[EventRounds "10"]
[EventCountry "ENG"]
[SourceTitle "BritBase"]
[Source "John Saunders"]
[SourceDate "2023.12.16"]
[SourceVersion "1"]
[SourceVersionDate "2023.12.16"]
[SourceQuality "1"]

1. b3 e5 2. Bb2 d6 3. e3 Nc6 4. d4 exd4 5. exd4 d5 6. Bb5 Qg5 7. Qe2+ Be7 8.
Nf3 Qxg2 9. Rg1 Qh3 10. Nbd2 g6 11. O-O-O Qe6 12. Qf1 Bd7 13. Re1 Qd6 14. c4
O-O-O 15. Ne5 Nxe5 16. dxe5 Qe6 17. cxd5 Qxd5 18. Bc4 Qa5 19. e6 Bc6 20. Bxh8
Qxd2+ 21. Kb1 f6 22. Re2 Qd4 23. Rg3 Nh6 24. Rd3 Be4 25. Rxe4 Qxe4 26. f3 Qf5
27. Bg7 Ng4 28. Ka1 Rxd3 29. Qxd3 Qxd3 30. Bxd3 Nxh2 31. Be2 c6 32. Kb2 Kc7 33.
Kc3 Kd6 34. Kd4 Kxe6 35. Bc4+ Kf5 36. Ke3 Bc5+ 37. Ke2 Kf4 38. Bxf6 Nxf3 39.
Bg8 h5 40. Bf7 Kf5 41. Kxf3 Kxf6 42. Be8 Ba3 0-1

[Event "Aaronson Masters 1st"]
[Site "London"]
[Date "1978.03.27"]
[Round "7"]
[White "Haik, Aldo"]
[Black "Law, Andrew P"]
[Result "1/2-1/2"]
[WhiteElo "2425"]
[BlackElo "2345"]
[PlyCount "82"]
[EventDate "1978.03.23"]
[EventType "swiss"]
[EventRounds "10"]
[EventCountry "ENG"]
[SourceTitle "BritBase"]
[Source "John Saunders"]
[SourceDate "2023.12.16"]
[SourceVersion "1"]
[SourceVersionDate "2023.12.16"]
[SourceQuality "1"]

1. d4 Nf6 2. c4 e6 3. Nc3 Bb4 4. Qc2 O-O 5. Nf3 d6 6. a3 Bxc3+ 7. Qxc3 Nbd7 8.
g3 b6 9. Bg2 Bb7 10. O-O Qe8 11. b4 Ne4 12. Qc2 f5 13. Bb2 Qh5 14. d5 e5 15.
Rad1 Ndf6 16. Ne1 Bc8 17. f3 Ng5 18. c5 Bd7 19. c6 Be8 20. e3 Bg6 21. Qd2 Rae8
22. Nd3 Qh6 23. Nc1 Bh5 24. h4 Nf7 25. Rde1 Qg6 26. Kh2 Nh6 27. Ne2 Qf7 28. e4
fxe4 29. fxe4 Qg6 30. Nc3 Rf7 31. Qg5 Ref8 32. Kg1 Nhg4 33. Bc1 h6 34. Qxg6
Bxg6 35. Bh3 h5 36. Bg5 Nh7 37. Rxf7 Rxf7 38. Bd8 Rf3 39. Ne2 Bxe4 40. Bxc7
Bxd5 41. Bxd6 Bxc6 1/2-1/2

[Event "Aaronson Masters 1st"]
[Site "London"]
[Date "1978.03.27"]
[Round "7"]
[White "Macdonald-Ross, Michael"]
[Black "Bellin, Robert"]
[Result "0-1"]
[WhiteElo "2265"]
[BlackElo "2415"]
[PlyCount "74"]
[EventDate "1978.03.23"]
[EventType "swiss"]
[EventRounds "10"]
[EventCountry "ENG"]
[SourceTitle "BritBase"]
[Source "John Saunders"]
[SourceDate "2023.12.16"]
[SourceVersion "1"]
[SourceVersionDate "2023.12.16"]
[SourceQuality "1"]

1. d4 Nf6 2. c4 e6 3. Nc3 Bb4 4. Bg5 h6 5. Bh4 d5 6. cxd5 exd5 7. e3 Qd6 8.
Bxf6 Qxf6 9. Bd3 c6 10. Qf3 Nd7 11. Qxf6 Nxf6 12. Nge2 b6 13. O-O O-O 14. Rac1
Bb7 15. Rfd1 Rfe8 16. a3 Bd6 17. Na2 a5 18. Nac3 g6 19. Na4 Nd7 20. h4 h5 21.
g3 Kg7 22. Rc3 b5 23. Nc5 Nxc5 24. dxc5 Be5 25. Rc2 Re7 26. Kg2 Bf6 27. Rcd2
Bc8 28. Ra1 Bd7 29. Bb1 Rae8 30. Nc1 d4 31. e4 Be6 32. Ne2 Rd7 33. Bd3 Bb3 34.
Rh1 Re5 35. Bxb5 cxb5 36. Nxd4 Rxd4 37. Rxd4 Rxc5 0-1

[Event "Aaronson Masters 1st"]
[Site "London"]
[Date "1978.03.27"]
[Round "7"]
[White "Valvo, Michael J"]
[Black "Ligterink, Gert"]
[Result "1/2-1/2"]
[WhiteElo "2530"]
[BlackElo "2440"]
[PlyCount "69"]
[EventDate "1978.03.23"]
[EventType "swiss"]
[EventRounds "10"]
[EventCountry "ENG"]
[SourceTitle "BritBase"]
[Source "John Saunders"]
[SourceDate "2023.12.16"]
[SourceVersion "1"]
[SourceVersionDate "2023.12.16"]
[SourceQuality "1"]

1. c4 g6 2. Nc3 Bg7 3. g3 Nf6 4. Bg2 O-O 5. Nf3 Nc6 6. O-O d6 7. d3 Nh5 8. Rb1
f5 9. Bd2 a5 10. a3 f4 11. Nd5 e5 12. b4 axb4 13. axb4 Bg4 14. b5 Ne7 15. Ng5
Kh8 16. Ne4 Nxd5 17. cxd5 Nf6 18. f3 Bd7 19. Qb3 Nxe4 20. dxe4 Bh6 21. Rfc1 Bg5
22. e3 fxe3 23. Bxe3 Ra5 24. Bxg5 Qxg5 25. f4 Qf6 26. Rxc7 Rxb5 27. Qd3 Rxb1+
28. Qxb1 exf4 29. gxf4 Ra8 30. e5 Qxf4 31. Qb2 Qe3+ 32. Qf2 Ra1+ 33. Bf1 Bh3
34. Rc8+ Kg7 35. Rc7+ 1/2-1/2

[Event "Aaronson Masters 1st"]
[Site "London"]
[Date "1978.03.27"]
[Round "7"]
[White "Basman, Michael John"]
[Black "Soos, Bela"]
[Result "1/2-1/2"]
[WhiteElo "2395"]
[BlackElo "2425"]
[PlyCount "62"]
[EventDate "1978.03.23"]
[EventType "swiss"]
[EventRounds "10"]
[EventCountry "ENG"]
[SourceTitle "BritBase"]
[Source "John Saunders"]
[SourceDate "2023.12.16"]
[SourceVersion "1"]
[SourceVersionDate "2023.12.16"]
[SourceQuality "1"]

1. e4 g6 2. Nc3 c6 3. d3 d5 4. Bd2 Bg7 5. f4 Na6 6. Nf3 Nc7 7. g3 dxe4 8. dxe4
Nf6 9. Bd3 Ne6 10. e5 Nd5 11. Ne4 Qb6 12. c4 Nb4 13. Be2 c5 14. a3 Nc6 15. b4
O-O 16. bxc5 Nxc5 17. Rb1 Nxe4 18. Rxb6 axb6 19. Qb3 Nxd2 20. Kxd2 Bg4 21. Ke3
Ra6 22. Rd1 Rfa8 23. Kf2 e6 24. c5 Bxf3 25. Bxf3 Bf8 26. Bxc6 Bxc5+ 27. Kg2
Rxa3 28. Qb5 R3a5 29. Qd3 bxc6 30. Qd7 Ra2+ 31. Kh3 Ra1 1/2-1/2

[Event "Aaronson Masters 1st"]
[Site "London"]
[Date "1978.03.27"]
[Round "7"]
[White "Kinlay, Jonathan"]
[Black "Mestel, A Jonathan"]
[Result "1/2-1/2"]
[WhiteElo "2300"]
[BlackElo "2450"]
[PlyCount "50"]
[EventDate "1978.03.23"]
[EventType "swiss"]
[EventRounds "10"]
[EventCountry "ENG"]
[SourceTitle "BritBase"]
[Source "John Saunders"]
[SourceDate "2023.12.16"]
[SourceVersion "1"]
[SourceVersionDate "2023.12.16"]
[SourceQuality "1"]

1. e4 c5 2. Nc3 e6 3. Nf3 d6 4. d4 cxd4 5. Nxd4 a6 6. Be3 Nc6 7. f4 Nf6 8. Qf3
Be7 9. O-O-O Qc7 10. g4 Nxd4 11. Bxd4 e5 12. fxe5 dxe5 13. Qg3 Bd6 14. Be3 Be6
15. Bb5+ Ke7 16. Ba4 Qa5 17. Kb1 Rhc8 18. Bb3 Rxc3 19. bxc3 Nxe4 20. Qh4+ f6
21. Bd2 Ba3 22. Qxh7 Bxb3 23. axb3 Nxc3+ 24. Bxc3 Qxc3 25. Qxg7+ Ke8 1/2-1/2

[Event "Aaronson Masters 1st"]
[Site "London"]
[Date "1978.03.27"]
[Round "7"]
[White "Baczynskyj, Boris"]
[Black "Knott, Simon John Bradley"]
[Result "0-1"]
[WhiteElo "2370"]
[BlackElo "2205"]
[PlyCount "44"]
[EventDate "1978.03.23"]
[EventType "swiss"]
[EventRounds "10"]
[EventCountry "ENG"]
[SourceTitle "BritBase"]
[Source "John Saunders"]
[SourceDate "2023.12.16"]
[SourceVersion "1"]
[SourceVersionDate "2023.12.16"]
[SourceQuality "1"]

1. e4 e6 2. d4 d5 3. Nc3 Bb4 4. e5 c5 5. Qg4 Ne7 6. Nf3 Nbc6 7. Bb5 O-O 8. Bg5
Bxc3+ 9. bxc3 Qa5 10. Bxc6 Qxc3+ 11. Kd1 Nf5 12. Rb1 bxc6 13. Re1 Ba6 14. Rb3
Qa1+ 15. Bc1 Bc4 16. Ra3 Rfb8 17. dxc5 Rb1 18. Qf4 Qb2 19. Ra5 d4 20. Qd2 Rd8
21. Rxa7 Ne3+ 22. Rxe3 Rxc1+ 0-1

[Event "Aaronson Masters 1st"]
[Site "London"]
[Date "1978.03.27"]
[Round "7"]
[White "Franklin, Michael J"]
[Black "Diesen, Mark C"]
[Result "1/2-1/2"]
[WhiteElo "2315"]
[BlackElo "2440"]
[PlyCount "30"]
[EventDate "1978.03.23"]
[EventType "swiss"]
[EventRounds "10"]
[EventCountry "ENG"]
[SourceTitle "BritBase"]
[Source "John Saunders"]
[SourceDate "2023.12.16"]
[SourceVersion "1"]
[SourceVersionDate "2023.12.16"]
[SourceQuality "1"]

1. d4 c5 2. e3 Nf6 3. Nf3 e6 4. Bd3 d5 5. c3 Nbd7 6. Nbd2 Bd6 7. O-O O-O 8. Re1
e5 9. e4 cxd4 10. cxd4 dxe4 11. Nxe4 Nxe4 12. Bxe4 exd4 13. Qxd4 Nf6 14. Bg5
Be7 15. Qxd8 Bxd8 ({Not} 15... Rxd8 {as given in Big/Mega Database 2020})
1/2-1/2

[Event "Aaronson Masters 1st"]
[Site "London"]
[Date "1978.03.27"]
[Round "8"]
[White "Basman, Michael John"]
[Black "Haik, Aldo"]
[Result "1-0"]
[WhiteElo "2395"]
[BlackElo "2425"]
[PlyCount "111"]
[EventDate "1978.03.23"]
[EventType "swiss"]
[EventRounds "10"]
[EventCountry "ENG"]
[SourceTitle "BritBase"]
[Source "John Saunders"]
[SourceDate "2023.12.16"]
[SourceVersion "1"]
[SourceVersionDate "2023.12.16"]
[SourceQuality "1"]

1. e4 e5 2. f4 Qh4+ 3. g3 Qe7 4. fxe5 Qxe5 5. Nc3 Bb4 6. Nf3 Qe7 7. Qe2 Bxc3 8.
bxc3 Nc6 9. Bg2 d6 10. O-O Nf6 11. d3 Bg4 12. h3 Bxf3 13. Qxf3 Nd7 14. Rb1 Rb8
15. d4 O-O 16. Rb5 f6 17. Qd3 g6 18. Bh6 Rfe8 19. Rf2 Nd8 20. Bd2 Ne6 21. Rb1
Kh8 22. Rbf1 Ng7 23. h4 Rf8 24. a4 Rbe8 25. a5 Nb8 26. c4 c5 27. dxc5 dxc5 28.
e5 f5 29. Bc3 Ne6 30. Rb1 Nc6 31. a6 Nb4 32. Bxb4 cxb4 33. axb7 Nc5 34. Qd4
Nxb7 35. Qxa7 Nc5 36. Qxe7 Rxe7 37. Re2 Rfe8 38. Rxb4 Ne4 39. Bxe4 Rxe5 40. c5
fxe4 41. Rc4 Rc8 42. Rexe4 Rcxc5 43. Rxc5 Rxc5 44. c4 Kg7 45. Kf2 Ra5 46. Ke3
Ra3+ 47. Kf4 Kf6 48. g4 h6 49. g5+ hxg5+ 50. hxg5+ Kf7 51. Re5 Ra4 52. Rc5 Ra1
53. Ke5 Rf1 54. Kd6 Rd1+ 55. Rd5 Rg1 56. Re5 1-0

[Event "Aaronson Masters 1st"]
[Site "London"]
[Date "1978.03.27"]
[Round "8"]
[White "Ligterink, Gert"]
[Black "Povah, Nigel Edward"]
[Result "1-0"]
[WhiteElo "2440"]
[BlackElo "2350"]
[PlyCount "79"]
[EventDate "1978.03.23"]
[EventType "swiss"]
[EventRounds "10"]
[EventCountry "ENG"]
[SourceTitle "BritBase"]
[Source "John Saunders"]
[SourceDate "2023.12.16"]
[SourceVersion "1"]
[SourceVersionDate "2023.12.16"]
[SourceQuality "1"]

1. e4 c5 2. Nf3 Nc6 3. d4 cxd4 4. Nxd4 Nf6 5. Nc3 e5 6. Ndb5 d6 7. Bg5 Be6 8.
Bxf6 gxf6 9. Nd5 Rc8 10. c3 a6 11. Na3 Bh6 12. Qh5 Bg7 13. Nc2 Bxd5 14. exd5
Ne7 15. Ne3 Qb6 16. O-O-O Qc5 17. Kb1 b5 18. Bd3 Ng6 19. g3 O-O 20. Be4 b4 21.
c4 a5 22. h4 Rfe8 23. Qg4 Ne7 24. h5 h6 25. Rh4 Kf8 26. Qf3 Ra8 27. Rg4 Qc8 28.
Rc1 Ra6 29. Bf5 Qc7 30. Qe4 Kg8 31. Qd3 Rea8 32. Nf1 Qc5 33. Qf3 R8a7 34. Nd2
Kf8 35. Ne4 Qb6 36. c5 dxc5 37. Rxc5 Ra8 38. d6 Nc6 39. Bh7 Nd4 40. Qxf6 1-0

[Event "Aaronson Masters 1st"]
[Site "London"]
[Date "1978.03.27"]
[Round "8"]
[White "Valvo, Michael J"]
[Black "Mestel, A Jonathan"]
[Result "0-1"]
[WhiteElo "2530"]
[BlackElo "2450"]
[PlyCount "76"]
[EventDate "1978.03.23"]
[EventType "swiss"]
[EventRounds "10"]
[EventCountry "ENG"]
[SourceTitle "BritBase"]
[Source "John Saunders"]
[SourceDate "2023.12.16"]
[SourceVersion "1"]
[SourceVersionDate "2023.12.16"]
[SourceQuality "1"]

1. c4 g6 2. Nc3 Bg7 3. g3 e5 4. Bg2 f5 5. d3 Nf6 6. Nf3 d6 7. O-O O-O 8. Rb1 h6
9. b4 Kh7 10. Qc2 c6 11. c5 dxc5 12. bxc5 Qe7 13. Nd2 Qxc5 14. Nc4 Rd8 15. Na4
Qe7 16. Ba3 Qc7 17. Qc3 Nd5 18. Bxd5 Rxd5 19. e4 Rd8 20. Ne3 b6 21. Nd5 Qf7 22.
Be7 Rxd5 23. exd5 Qxe7 24. dxc6 e4 25. d4 Qd6 26. Rbc1 Nxc6 27. Qxc6 Qxc6 28.
Rxc6 Bd7 29. Rc7 Bxa4 30. Rfc1 Kg8 31. d5 Bf8 32. Rc8 Rxc8 33. Rxc8 Kf7 34.
Rc7+ Kf6 35. Rxa7 Bb5 36. a4 Bc4 37. Rb7 Bc5 38. d6 e3 0-1

[Event "Aaronson Masters 1st"]
[Site "London"]
[Date "1978.03.27"]
[Round "8"]
[White "Fuller, Maxwell L"]
[Black "Baker, Chris W"]
[Result "1-0"]
[WhiteElo "2390"]
[BlackElo "2280"]
[PlyCount "69"]
[EventDate "1978.03.23"]
[EventType "swiss"]
[EventRounds "10"]
[EventCountry "ENG"]
[SourceTitle "BritBase"]
[Source "John Saunders"]
[SourceDate "2023.12.16"]
[SourceVersion "1"]
[SourceVersionDate "2023.12.16"]
[SourceQuality "1"]

1. b3 e5 2. Bb2 d6 3. c4 Nf6 4. Nc3 Nc6 5. e3 Be7 6. Nf3 e4 7. Ng5 Bf5 8. Qb1
O-O 9. f3 d5 10. cxd5 Nxd5 11. Ngxe4 Bb4 12. Nxd5 Qxd5 13. Bc4 Qa5 14. Qc2 Rad8
15. O-O-O Bxe4 16. fxe4 b5 17. Be2 Bxd2+ 18. Rxd2 Nb4 19. Rxd8 Rxd8 20. Rd1 c6
21. Rxd8+ Qxd8 22. Qd2 Nxa2+ 23. Kc2 Qe7 24. Kb1 Nb4 25. Qd4 f6 26. e5 c5 27.
exf6 gxf6 28. Qg4+ Kf8 29. Qf5 Kg7 30. Bxb5 Qd6 31. Qg5+ Kf7 32. Bc4+ Ke8 33.
Qg8+ Kd7 34. Qf7+ Kc6 35. Qxf6 1-0